[Event "Florianopolis op-A 04"]
[Site "Florianopolis"]
[Date "2023.04.29"]
[Round "2"]
[White "Araujo, Adalberto Marcos"]
[Black "Kaneda, Eric Kazuichi"]
[Result "1-0"]
[WhiteElo "2165"]
[BlackElo "1818"]
[PlyCount "77"]
[EventDate "2023.04.28"]
[EventType "swiss"]
[EventRounds "6"]
[EventCountry "BRA"]
[SourceTitle "CBM 214 Extra"]
[Source "ChessBase"]
[SourceDate "2023.07.31"]
[SourceVersion "1"]
[SourceVersionDate "2023.07.31"]
[SourceQuality "1"]

1. d4 Nf6 2. c4 e6 3. Nf3 b6 4. g3 Bb7 5. Bg2 Be7 6. 0-0 0-0 7. Nc3 d6 8. d5 e5 9. e4 Nbd7 10. Ne1 c6 11. dxc6 Bxc6 12. Nd3 Rc8 13. Re1 a6 14. b3 b5 15. cxb5 axb5 16. Nb4 Qa5 17. a3 Nc5 18. Nxc6 Rxc6 19. b4 Qb6 20. bxc5 dxc5 21. Bg5 Rd6 22. Qb3 b4 23. Bxf6 gxf6 24. Nd5 Rxd5 25. exd5 Rc8 26. Rec1 Rb8 27. Rc4 f5 28. axb4 cxb4 29. Rac1 e4 30. Rc6 Qa5 31. d6 Bg5 32. Rc8+ Rxc8 33. Rxc8+ Kg7 34. Rc7 Qa1+ 35. Bf1 Qf6 36. h4 Bd2 37. Qd5 Be1 38. Bc4 Kh6 39. Rxf7 1-0

[Event "Pan American-ch Seniors 50"]
[Site "Florianopolis"]
[Date "2022.06.26"]
[Round "9"]
[White "Araujo, Adalberto Marcos"]
[Black "Becker, Rogerio Sperb"]
[Result "1/2-1/2"]
[WhiteElo "2198"]
[BlackElo "1707"]
[PlyCount "117"]
[EventDate "2022.06.21"]
[EventType "swiss"]
[EventRounds "9"]
[EventCountry "BRA"]
[SourceTitle "CBM 209 Extra"]
[Source "ChessBase"]
[SourceDate "2022.09.30"]
[SourceVersion "1"]
[SourceVersionDate "2022.09.30"]
[SourceQuality "1"]

1. d4 Nf6 2. c4 e6 3. Nc3 Bb4 4. a3 Bxc3+ 5. bxc3 b6 6. f3 0-0 7. e3 Ba6 8. Bd3 Nc6 9. Bb2 d6 10. Nh3 Na5 11. Qe2 Rc8 12. 0-0 c5 13. d5 e5 14. e4 Qe8 15. a4 Nd7 16. Nf2 Qe7 17. Ng4 Kh8 18. Ne3 g6 19. Rae1 Nf6 20. Qc2 Nh5 21. g3 Qd7 22. Rf2 Rce8 23. Bc1 Ng7 24. f4 exf4 25. Rxf4 Qe7 26. Ref1 Nh5 27. R4f3 Qd7 28. g4 Ng7 29. Bd2 Kg8 30. Be1 Qe7 31. Bg3 h5 32. h3 Rd8 33. Qf2 Rd7 34. Bh4 g5 35. Bg3 h4 36. Bh2 Rdd8 37. e5 dxe5 38. d6 Rxd6 39. Nd5 Rxd5 40. cxd5 Bxd3 41. Rxd3 Ne8 42. Qf5 Nc4 43. Qf2 Ned6 44. Qe2 f6 45. Rdf3 Kg7 46. Ra1 Qe8 47. Kh1 Qg6 48. Raf1 Qe4 49. Qxe4 Nxe4 50. Re1 Ned6 51. Kg2 Rd8 52. Bg1 Rd7 53. Ra1 a5 54. Rd3 Rf7 55. Rb1 Rc7 56. Bf2 Re7 57. Bg1 Kg6 58. Bf2 Kf7 59. Bg1 1/2-1/2

[Event "Pan American-ch Seniors 50"]
[Site "Florianopolis"]
[Date "2022.06.25"]
[Round "8"]
[White "Tempone, Marcelo"]
[Black "Araujo, Adalberto Marcos"]
[Result "1-0"]
[WhiteElo "2409"]
[BlackElo "2198"]
[PlyCount "105"]
[EventDate "2022.06.21"]
[EventType "swiss"]
[EventRounds "9"]
[EventCountry "BRA"]
[SourceTitle "CBM 209 Extra"]
[Source "ChessBase"]
[SourceDate "2022.09.30"]
[SourceVersion "1"]
[SourceVersionDate "2022.09.30"]
[SourceQuality "1"]

1. Nf3 Nf6 2. g3 g6 3. b3 Bg7 4. Bb2 0-0 5. Bg2 d6 6. d4 e5 7. dxe5 Ng4 8. Qd2 Nc6 9. h3 Ngxe5 10. Nxe5 dxe5 11. Qxd8 Rxd8 12. Bxc6 bxc6 13. Nd2 Be6 14. 0-0-0 f6 15. g4 Kf7 16. Rhg1 Rd7 17. Ne4 Rad8 18. Rxd7+ Bxd7 19. Rd1 Ke7 20. e3 h6 21. Ng3 Be6 22. Rxd8 Kxd8 23. f4 Bd5 24. f5 gxf5 25. gxf5 Bf3 26. Ba3 Ke8 27. Bc5 a6 28. Kd2 h5 29. h4 Kd7 30. a4 Bh6 31. Ke1 Ke8 32. Kf2 Bd1 33. b4 Bxc2 34. Nxh5 Bxf5 35. e4 Be6 36. Nxf6+ Kf7 37. Nh5 Bg4 38. Ng3 Bf4 39. Nf1 Bd1 40. a5 Bc2 41. Kf3 Bd1+ 42. Kf2 Bc2 43. Ng3 Bxg3+ 44. Kxg3 Bxe4 45. Kg4 Kg6 46. h5+ Kh6 47. Be3+ Kh7 48. Kg5 Bf3 49. h6 Bd5 50. Kf5 e4 51. Ke5 Kg6 52. b5 cxb5 53. Kxd5 1-0

[Event "Caioba Telecom op 5th"]
[Site "Caioba"]
[Date "2019.08.12"]
[Round "1"]
[White "Araujo, Adalberto Marcos"]
[Black "Cubas, Jose Fernando"]
[Result "0-1"]
[WhiteElo "2167"]
[BlackElo "2485"]
[PlyCount "94"]
[EventDate "2019.08.12"]
[EventType "swiss"]
[EventRounds "9"]
[EventCountry "BRA"]
[SourceTitle "EXT 2020"]
[Source "ChessBase"]
[SourceDate "2019.10.17"]
[SourceVersion "1"]
[SourceVersionDate "2019.10.17"]
[SourceQuality "1"]

1. e4 e6 2. Nf3 d5 3. Nc3 Nf6 4. e5 Nfd7 5. Ne2 c5 6. c3 b6 7. d4 Ba6 8. g3 Nc6 9. a3 Be7 10. h4 h6 11. Bg2 Qc7 12. 0-0 g5 13. hxg5 hxg5 14. Re1 Rg8 15. b3 0-0-0 16. Be3 Kb8 17. Qd2 Na5 18. Nc1 g4 19. Nh2 cxd4 20. cxd4 Rc8 21. Ra2 Qc3 22. Qxc3 Rxc3 23. Bd2 Rc7 24. Bb4 Nc6 25. Bxe7 Nxe7 26. Rd2 Rc3 27. Bf1 Bxf1 28. Kxf1 Nf5 29. a4 Kb7 30. Kg2 Nb8 31. Ne2 Rxb3 32. Rc1 Rb4 33. a5 bxa5 34. Rc5 Kb6 35. Rc1 Nc6 36. Rdc2 Nfxd4 37. Nxd4 Nxd4 38. Rc7 Rc4 39. R1xc4 dxc4 40. Rxc4 Nc6 41. Nxg4 Kb5 42. Re4 a4 43. Ne3 Rd8 44. Nc2 Rd3 45. Ne1 Rc3 46. Nf3 a3 47. Re2 Rxf3 0-1

[Event "Florianopolis op 5th"]
[Site "Florianopolis"]
[Date "2019.01.26"]
[Round "9"]
[White "Almeida, Heidy Jose Moreira"]
[Black "Araujo, Adalberto Marcos"]
[Result "1/2-1/2"]
[WhiteElo "1886"]
[BlackElo "2213"]
[PlyCount "77"]
[EventDate "2019.01.21"]
[EventType "swiss"]
[EventRounds "10"]
[EventCountry "BRA"]
[SourceTitle "EXT 2020"]
[Source "ChessBase"]
[SourceDate "2019.10.17"]
[SourceVersion "1"]
[SourceVersionDate "2019.10.17"]
[SourceQuality "1"]

1. e4 c5 2. Nf3 Nc6 3. d4 cxd4 4. Nxd4 g6 5. Nxc6 bxc6 6. Qd4 Nf6 7. e5 Ng8 8. e6 Nf6 9. exf7+ Kxf7 10. Bd3 e5 11. Qxe5 Bb4+ 12. Kd1 Re8 13. Qf4 Qe7 14. Bd2 Bd6 15. Bc4+ Kg7 16. Qh6+ Kh8 17. Re1 Qd8 18. Bf7 Rxe1+ 19. Bxe1 Qe7 20. Bxg6 Ba6 21. Nc3 Rg8 22. Bd3 Bxd3 23. cxd3 Rxg2 24. h3 Bc5 25. Qh4 d5 26. Rc1 Bb4 27. Rc2 Bd6 28. Re2 Qf7 29. Re3 Bf8 30. Ne2 Bg7 31. Nf4 Rg1 32. Ne6 d4 33. Qxd4 Nd5 34. Nxg7 Nxe3+ 35. fxe3 Qxg7 36. Qd8+ Qg8 37. Qf6+ Qg7 38. Qd8+ Qg8 39. Qf6+ 1/2-1/2

[Event "Florianopolis op 5th"]
[Site "Florianopolis"]
[Date "2019.01.26"]
[Round "8"]
[White "Araujo, Adalberto Marcos"]
[Black "Volkmann, Andre Jordi"]
[Result "0-1"]
[WhiteElo "2213"]
[BlackElo "1955"]
[PlyCount "75"]
[EventDate "2019.01.21"]
[EventType "swiss"]
[EventRounds "10"]
[EventCountry "BRA"]
[SourceTitle "CBM 188 Extra"]
[Source "ChessBase"]
[SourceDate "2019.02.26"]
[SourceVersion "1"]
[SourceVersionDate "2019.02.26"]
[SourceQuality "1"]

1. Nf3 d5 2. c4 e6 3. d4 Nf6 4. Nc3 a6 5. Bg5 dxc4 6. e4 b5 7. e5 h6 8. Bh4 g5 9. Nxg5 hxg5 10. Bxg5 Be7 11. exf6 Bb4 12. h4 Nc6 13. g3 Qd5 14. Rg1 Qxd4 15. Bg2 Bxc3+ 16. bxc3 Qxc3+ 17. Kf1 Bb7 18. Rc1 Qa3 19. Rc2 Rd8 20. Rd2 Rxd2 21. Qxd2 c3 22. Qe3 b4 23. Qc5 Kd7 24. Be4 Qa4 25. Kg2 Rd8 26. Kh2 Kc8 27. h5 Qb5 28. Qxb5 axb5 29. Kg2 Ne5 30. Bxb7+ Kxb7 31. h6 Nd3 32. h7 c2 33. Rh1 Rh8 34. Kf3 c1Q 35. Bxc1 Nxc1 36. Rxc1 Rxh7 37. g4 Rh6 38. Kf4 0-1

[Event "Curitiba op"]
[Site "Curitiba"]
[Date "2018.02.24"]
[Round "3"]
[White "Cohen, Jaime"]
[Black "Araujo, Adalberto Marcos"]
[Result "0-1"]
[WhiteElo "1951"]
[BlackElo "2233"]
[PlyCount "90"]
[EventDate "2018.02.23"]
[EventType "swiss"]
[EventRounds "6"]
[EventCountry "BRA"]
[SourceTitle "CBM 183 Extra"]
[Source "ChessBase"]
[SourceDate "2018.04.19"]
[SourceVersion "1"]
[SourceVersionDate "2018.04.19"]
[SourceQuality "1"]

1. e4 e5 2. Nf3 d6 3. d4 Nd7 4. Nc3 Ngf6 5. Bd3 Be7 6. 0-0 c6 7. h3 Qc7 8. Be3 Nf8 9. d5 Ng6 10. Qd2 0-0 11. a4 Bd7 12. Nh2 Nh5 13. Ne2 cxd5 14. exd5 f5 15. f4 exf4 16. Nxf4 Nhxf4 17. Bxf4 Qc5+ 18. Be3 Qxd5 19. Qf2 Bh4 20. Qe2 Ne5 21. Bb5 Bc6 22. c4 Qe6 23. Bxc6 bxc6 24. b3 Rfe8 25. Bd2 Rab8 26. Rab1 Bf6 27. Nf3 Nf7 28. Qxe6 Rxe6 29. Ba5 Kf8 30. Rfd1 Ke7 31. Nd4 Bxd4+ 32. Rxd4 Re3 33. b4 Re4 34. Rbd1 Ke6 35. c5 d5 36. b5 Rxd4 37. Rxd4 cxb5 38. c6 a6 39. c7 Rc8 40. axb5 axb5 41. Rd1 Nd6 42. Re1+ Kd7 43. Rd1 Kc6 44. Re1 Nc4 45. Re6+ Kb7 0-1

[Event "Curitiba Terzian Memorial op"]
[Site "Curitiba"]
[Date "2014.11.01"]
[Round "3"]
[White "Araujo, Adalberto Marcos"]
[Black "Zimmermann, Kleber Renato P"]
[Result "1/2-1/2"]
[WhiteElo "2241"]
[BlackElo "1938"]
[PlyCount "60"]
[EventDate "2014.10.31"]
[EventType "swiss"]
[EventRounds "6"]
[EventCountry "BRA"]
[SourceTitle "EXT 2015"]
[Source "ChessBase"]
[SourceDate "2014.11.20"]
[SourceVersion "1"]
[SourceVersionDate "2014.11.20"]
[SourceQuality "1"]

1. d4 Nf6 2. c4 c5 3. d5 b5 4. a4 bxc4 5. Nc3 g6 6. Nf3 d6 7. Nd2 Ba6 8. e4 Nbd7 9. Nxc4 Bxc4 10. Bxc4 Bg7 11. 0-0 0-0 12. Bg5 h6 13. Bh4 Qb6 14. Qc2 g5 15. Bg3 Nh5 16. a5 Qc7 17. Be2 Nf4 18. Bxf4 gxf4 19. Qd2 Rab8 20. Nb5 Qd8 21. a6 f3 22. gxf3 Rxb5 23. Bxb5 Ne5 24. Be2 e6 25. f4 Ng6 26. Bh5 Qh4 27. Bxg6 Qg4+ 28. Kh1 Qf3+ 29. Kg1 Qg4+ 30. Kh1 Qf3+ 1/2-1/2

[Event "Curitiba CXC 70 anos"]
[Site "Curitiba"]
[Date "2008.11.??"]
[Round "4"]
[White "Palozi, Paulo Ricardo"]
[Black "Araujo, Adalberto Marcos"]
[Result "0-1"]
[WhiteElo "2127"]
[BlackElo "2245"]
[PlyCount "74"]
[EventDate "2008.11.??"]
[EventType "swiss"]
[EventRounds "6"]
[EventCountry "BRA"]
[SourceTitle "EXT 2022"]
[Source "ChessBase"]
[SourceDate "2021.10.06"]
[SourceVersion "1"]
[SourceVersionDate "2021.10.06"]
[SourceQuality "1"]

1. d4 Nf6 2. Nf3 d6 3. c4 g6 4. g3 Bg7 5. Bg2 0-0 6. 0-0 Nc6 7. b3 e5 8. Bb2 e4 9. Ne1 Re8 10. Nc2 Ne7 11. Ne3 Nf5 12. Nxf5 Bxf5 13. e3 c6 14. d5 cxd5 15. cxd5 Rc8 16. Nc3 Qa5 17. Rc1 Nxd5 18. Nxd5 Bxb2 19. Rxc8 Bxc8 20. Qc2 Qxd5 21. Qxb2 Bf5 22. Qe2 Rc8 23. Rd1 Qe6 24. h3 Bxh3 25. Bxh3 Qxh3 26. Rxd6 Rc1+ 27. Rd1 Qc8 28. Kg2 Rxd1 29. Qxd1 a6 30. Qd5 Qc6 31. Qe5 h5 32. Qb8+ Kh7 33. Qe5 Qe6 34. Qxe6 fxe6 35. g4 Kh6 36. Kg3 Kg5 37. a3 b6 0-1

[Event "BRA-ch 71st"]
[Site "Sao Paulo"]
[Date "2005.02.18"]
[Round "7"]
[White "Araujo, Adalberto Marcos"]
[Black "Tasoko, Toshinobu"]
[Result "1-0"]
[WhiteElo "2258"]
[BlackElo "1935"]
[PlyCount "129"]
[EventDate "2005.02.14"]
[EventType "swiss"]
[EventRounds "9"]
[EventCountry "BRA"]
[SourceTitle "CBM 104 Extra"]
[Source "ChessBase"]
[SourceDate "2005.03.01"]
[SourceVersion "1"]
[SourceVersionDate "2005.03.01"]
[SourceQuality "1"]

1. e4 c5 2. Nf3 Nc6 3. Nc3 e6 4. d4 cxd4 5. Nxd4 Bb4 6. Ndb5 d5 7. exd5 exd5 8. Qxd5 a6 9. Qxd8+ Kxd8 10. Na3 Bf5 11. Bg5+ f6 12. 0-0-0+ Ke8 13. Be3 Nge7 14. Nc4 Be6 15. Nd6+ Bxd6 16. Rxd6 Kf7 17. Rd2 Rhd8 18. Rxd8 Rxd8 19. Be2 b5 20. a3 f5 21. Bb6 Rd7 22. Re1 Nd4 23. Bxd4 Rxd4 24. Bf3 g5 25. Bb7 Rd6 26. Re5 Rb6 27. Ba8 Kf6 28. Rc5 Rd6 29. Rc7 Rd7 30. Rc5 Bc4 31. b3 Be6 32. g3 h6 33. Bg2 Bf7 34. a4 bxa4 35. Nxa4 Bh5 36. Nc3 Bf7 37. Ra5 Rd6 38. g4 Be6 39. gxf5 Bxf5 40. Bf1 Nc6 41. Rxa6 Ke5 42. Nb5 Rf6 43. Bg2 Nb4 44. Rxf6 Kxf6 45. Nd4 Na6 46. Kd2 Ke5 47. Nxf5 Kxf5 48. Ke3 Ke5 49. c3 Nc5 50. b4 Ne6 51. b5 Kd6 52. b6 Nc5 53. c4 Na4 54. Kd4 Nc5 55. b7 Ne6+ 56. Ke3 Kc7 57. Be4 Nc5 58. Kd4 Nxb7 59. Bxb7 Kxb7 60. Kd5 Kc7 61. f3 Kd7 62. h3 h5 63. Ke4 Ke6 64. c5 h4 65. c6 1-0

[Event "BRA-ch 71st"]
[Site "Sao Paulo"]
[Date "2005.02.15"]
[Round "3"]
[White "Araujo, Adalberto Marcos"]
[Black "Da Silva, Alessandro Rodrigue"]
[Result "1/2-1/2"]
[WhiteElo "2258"]
[BlackElo "2204"]
[PlyCount "106"]
[EventDate "2005.02.14"]
[EventType "swiss"]
[EventRounds "9"]
[EventCountry "BRA"]
[SourceTitle "CBM 104 Extra"]
[Source "ChessBase"]
[SourceDate "2005.03.01"]
[SourceVersion "1"]
[SourceVersionDate "2005.03.01"]
[SourceQuality "1"]

1. e4 c5 2. Nf3 d6 3. d4 cxd4 4. Nxd4 Nf6 5. f3 Nc6 6. c4 Nxd4 7. Qxd4 g6 8. Nc3 Bg7 9. Bg5 0-0 10. Qd2 Be6 11. Rc1 Qa5 12. Be2 Rfc8 13. b3 a6 14. Nd5 Qxd2+ 15. Kxd2 Bxd5 16. cxd5 Kf8 17. Rxc8+ Rxc8 18. Rc1 Rxc1 19. Kxc1 Ke8 20. b4 Kd8 21. Kc2 Nd7 22. Be3 Kc7 23. Kb3 h5 24. a4 Be5 25. f4 Bg7 26. a5 Nf6 27. Bd4 Bh6 28. Bxf6 exf6 29. g3 h4 30. b5 axb5 31. Bxb5 hxg3 32. hxg3 Kd8 33. Ka4 g5 34. f5 g4 35. Be2 Be3 36. Bxg4 Bf2 37. Bh5 Bxg3 38. Bxf7 Kc7 39. Kb5 Be5 40. Be8 Bc3 41. Bh5 Be5 42. Bf3 Bf4 43. Bg2 Be5 44. Kc4 Bg3 45. Bf3 Be5 46. Bd1 Bg3 47. Ba4 Be1 48. Kb5 Bc3 49. Bd1 Be5 50. Bf3 Bf4 51. Bg2 Be5 52. Bh3 Bf4 53. Bg4 Be5 1/2-1/2

[Event "BRA South Region-ch"]
[Site "Curitiba"]
[Date "2004.06.??"]
[Round "4"]
[White "Araujo, Adalberto Marcos"]
[Black "Chemin, Vitorio"]
[Result "1-0"]
[WhiteElo "2258"]
[BlackElo "2338"]
[PlyCount "81"]
[EventDate "2004.06.18"]
[EventType "swiss"]
[EventRounds "6"]
[EventCountry "BRA"]
[SourceTitle "EXT 2022"]
[Source "ChessBase"]
[SourceDate "2021.10.06"]
[SourceVersion "1"]
[SourceVersionDate "2021.10.06"]
[SourceQuality "1"]

1. c4 e6 2. d4 d5 3. Nc3 c5 4. cxd5 exd5 5. Nf3 Nc6 6. g3 Nf6 7. Bg2 Be7 8. 0-0 0-0 9. dxc5 Bxc5 10. Na4 Be7 11. Be3 b6 12. Rc1 Bb7 13. Nd4 Qd7 14. Nc3 Rfd8 15. Nxc6 Bxc6 16. Bd4 Rac8 17. e3 b5 18. a3 a5 19. Bb6 Re8 20. Bxa5 Bc5 21. Ne2 Qa7 22. Bc3 Bxe3 23. Bxf6 Bxc1 24. Bd4 Qe7 25. Nxc1 b4 26. a4 Bb7 27. Nd3 Rc4 28. Re1 Qd8 29. Rxe8+ Qxe8 30. Nc5 Qc8 31. Nb3 Bc6 32. Qe1 Bxa4 33. Qe5 f6 34. Bxd5+ Kh8 35. Qxf6 Rc7 36. Qe5 Bxb3 37. Bxb3 Rc1+ 38. Kg2 Qf8 39. h4 Rc8 40. h5 h6 41. Qe6 1-0

[Event "BRA-ch 69th"]
[Site "Brasilia"]
[Date "2003.01.15"]
[Round "9"]
[White "Valle, Adriano"]
[Black "Araujo, Adalberto Marcos"]
[Result "1-0"]
[WhiteElo "2247"]
[BlackElo "2275"]
[PlyCount "51"]
[EventDate "2003.01.07"]
[EventType "swiss"]
[EventRounds "9"]
[EventCountry "BRA"]
[SourceTitle "CBM 092 Extra"]
[Source "ChessBase"]
[SourceDate "2003.03.07"]
[SourceVersion "1"]
[SourceVersionDate "2003.03.07"]
[SourceQuality "1"]

1. d4 Nf6 2. Nf3 g6 3. c4 Bg7 4. Nc3 0-0 5. e4 d6 6. Be2 e5 7. 0-0 exd4 8. Nxd4 Re8 9. f3 c6 10. Nc2 Na6 11. Kh1 Be6 12. Bg5 h6 13. Bh4 g5 14. Bf2 d5 15. exd5 cxd5 16. c5 Nb8 17. Nb5 Nc6 18. Nd6 Re7 19. Bb5 Qd7 20. Nd4 Ne8 21. Rc1 a6 22. Ba4 Rb8 23. Re1 Nxd6 24. cxd6 Qxd6 25. Bxc6 bxc6 26. Bg3 1-0

[Event "BRA-ch 69th"]
[Site "Brasilia"]
[Date "2003.01.10"]
[Round "2"]
[White "Araujo, Adalberto Marcos"]
[Black "Pelikian, Jefferson"]
[Result "0-1"]
[WhiteElo "2275"]
[BlackElo "2407"]
[PlyCount "66"]
[EventDate "2003.01.07"]
[EventType "swiss"]
[EventRounds "9"]
[EventCountry "BRA"]
[SourceTitle "CBM 092 Extra"]
[Source "ChessBase"]
[SourceDate "2003.03.07"]
[SourceVersion "1"]
[SourceVersionDate "2003.03.07"]
[SourceQuality "1"]

1. d4 Nf6 2. c4 e6 3. g3 c5 4. Nf3 cxd4 5. Nxd4 Nc6 6. Nc3 Bb4 7. Nb3 d5 8. cxd5 Nxd5 9. Bd2 Nxc3 10. bxc3 Be7 11. Bg2 0-0 12. 0-0 e5 13. Be3 Qc7 14. f4 Rd8 15. Qe1 exf4 16. gxf4 Bf6 17. Rc1 Re8 18. Bd4 Nxd4 19. cxd4 Qb6 20. Qd2 Bg4 21. e3 Rad8 22. Nc5 Rxe3 23. Qxe3 Bxd4 24. Qxd4 Rxd4 25. Kh1 Bf5 26. Nb3 Rd8 27. Rfe1 Qf2 28. Bxb7 Qxf4 29. Bg2 g6 30. Rf1 Qa4 31. Rce1 Qxa2 32. Nc1 Qc4 33. Rf2 a5 0-1

[Event "Parana-ch"]
[Site "Curitiba"]
[Date "2001.11.??"]
[Round "4"]
[White "Araujo, Adalberto Marcos"]
[Black "Gonzalez, Bolivar Ribeiro"]
[Result "1-0"]
[WhiteElo "2275"]
[BlackElo "2286"]
[PlyCount "71"]
[EventDate "2001.11.30"]
[EventType "swiss"]
[EventRounds "6"]
[EventCountry "BRA"]
[SourceTitle "EXT 2022"]
[Source "ChessBase"]
[SourceDate "2021.10.06"]
[SourceVersion "1"]
[SourceVersionDate "2021.10.06"]
[SourceQuality "1"]

1. e4 c5 2. Nf3 a6 3. d4 cxd4 4. Nxd4 Nf6 5. Nc3 d6 6. Be3 e5 7. Nf3 Be7 8. Bc4 0-0 9. a4 Be6 10. Bb3 Nc6 11. 0-0 Rc8 12. h3 Na5 13. Bg5 Nxb3 14. cxb3 Qb6 15. Bxf6 Bxf6 16. Nd5 Bxd5 17. Qxd5 Rc2 18. Rac1 Rfc8 19. Rxc2 Rxc2 20. h4 h5 21. Nd2 Bxh4 22. Qd3 Rc6 23. Nc4 Qc5 24. Qh3 Bg5 25. Qxh5 Bh6 26. a5 d5 27. exd5 Qxd5 28. Rd1 Qe4 29. Qxe5 Qc2 30. Rd8+ Kh7 31. Qd5 Qxb3 32. Qf5+ Rg6 33. Ne5 Qe6 34. Nxf7 Qe1+ 35. Kh2 Bf4+ 36. Qxf4 1-0